000 01282nam a2200265Ia 4500
999 _c37915
_d37915
001 3893
003 GE_BSU
005 20190820162254.0
008 181216s1963||||ge |||||||||||||| ||geo||
040 _cGE_BSU
041 _ageo
080 _a1(430) თ–41
100 _aთევზაძე, გურამ
_93699
245 _aგერმანული ნეოკანტიანელობის შემეცნების თეორია.
_cრედ. ზ. კაკაბაძე; საქ. სსრ მეცნ. აკად. ფილოსოფიის ინ–ტი.
264 _aთბ. :
_bსაქ. სსრ მეცნ. აკად. გამ-ბა,
_c1963.
300 _a348 გვ. ;
_b21 სმ.
504 _a ბიბლიოგრ. შენიშვნებში
520 _aრეზ. რუს. ენ.
546 _aპარალ. თავფ. რუს. ენ..
653 _aნეოკანტიანელობა
653 _aშემეცნების თეორია
700 _aკაკაბაძე, ზ.
_eრედაქტორი
_93700
710 _a საქ. სსრ მეცნ. აკად., ფილოსოფიის ინ-ტი.
_93701
942 _cBK
_2udc